Party Crashers Quote Quiz - Statistics

General Stats
  • This quiz has been taken 7 times
  • The average score is 2 of 14
Answer Stats
Hint Answer % Correct
Nick Imagine being
40%
Vern Perfect Rotation
40%
Nick or Brent Take your time
40%
Brent Wario Time
40%
Nick Brents uncle
20%
Brent Do it Again
20%
Sophist MULE
20%
Sophist Behold
0%
Vern Im an axolotl
0%
Vern its verning time
0%
Vern Skip your ass
0%
Sophist To the surprise of nobody
0%
Sophist Vernias nose
0%
Sophist What does pot of greed do
0%
No matching quizzes found
Score Distribution
Percent of People with Each Score
Percentile by Number Answered
Your Score History
You have not taken this quiz